00247nam a2200073Ia 4500008004100000082001800041245006800059260004600127220204s9999 xx 000 0 und d a5(038)bVIJ.1 0aVijnana Sabdavali. V 1. Science glossary-1. (English Malayalam) aTrivandrumbState Inst of Languagesc1969